Normal view
MARC view
Entry Uniform Title
001 - CONTROL NUMBER
- control field: 54062
003 - CONTROL NUMBER IDENTIFIER
- control field: dpl
005 - DATE AND TIME OF LATEST TRANSACTION
- control field: 20121204162317.0
008 - FIXED-LENGTH DATA ELEMENTS
- fixed length control field: 121204|||a|||||| | ||| d
040 ## - CATALOGING SOURCE
- Original cataloging agency: dpl
- Transcribing agency: dpl
130 ## - HEADING--UNIFORM TITLE
- Uniform title: विश्व प्रसिद्ध अमर रचना
670 ## - SOURCE DATA FOUND
- Source citation: Work cat.: (dpl): 27482 गोर्की, मैक्सिम, माँ /, 2012
670 ## - SOURCE DATA FOUND
- Source citation: Work cat.: (dpl): 27482 गोर्की, मैक्सिम, माँ /, 2012
